000 00582cam a22002291 4500
001 sa 68008787
003 DLC
005 20260227112536.0
008 950202s1968 ii 000 1 tamo
010 _asa 68008787
025 _aPL480:I-T-2312
035 _a(OCoLC)31923502
040 _aDLC
_cCU
_dCU
_dDLC
042 _apremarc
050 0 0 _aPL4758.9.A33
_bC5
100 0 _aAkilan̲,
_d1922-1988.
245 1 0 _aCittirap pāvai.
260 _c[1968]
300 _a511 p.
_c19 cm.
500 _aIn Tamil.
500 _aA novel previously published in Ān̲anta vikaṭan̲.
999 _c82575
_d82575